| 000 | 01673nam a2200313 a 4500 | ||
|---|---|---|---|
| 001 | 0044466 | ||
| 003 | DO-SdBNP | ||
| 005 | 20180313142048.0 | ||
| 007 | 0044466 | ||
| 008 | 140702s2014 dr ac 000 0 spa d | ||
| 020 | _a9789945472424 | ||
| 040 |
_aBPMSU _bspa _cBPMSU |
||
| 082 |
_a378.53 _bS276f 3ro. 2014 |
||
| 100 | 1 | _a Sbriz, Luciano | |
| 245 | 1 | 0 |
_aFísica III : _bprácticas de laboratorio / _c Luciano Sbriz |
| 260 |
_aSanto Domingo : _b INTEC, _c 2014. |
||
| 300 |
_a102 p. : _bil. ; _c28 cm. |
||
| 504 | _aReferencias bibliográficas : p. 101 | ||
| 505 | 0 |
_tIntroducción -- _tLíneas de campos eléctrico y líneas equipotenciales -- _tCircuitos de resistencias en serie, paralelo y mixta -- _tLey de Ohm -- _tRelalación de carga/masa de electrón -- _tVariación de la resistividad con la temperatura -- _tIntroducción (ley de Faraday) -- _tCampo magnético creado por una corriente -- _tFuerza ejercida por un campo magnético sobre una corriente -- _tCampo magnético en un solenoide -- _tCarga y descarga de un condensador -- _tFactores que determinan la resistencia de un conductor -- _tCampo magnético de una espira -- _tFuerza electromotriz inducida -- _tLeyes de Kirchhoff -- _tLey de Faraday y de Lenz -- _tTubo de Lenz -- |
|
| 650 | 4 |
_aFÍSICA _xENSEÑANZA SUPERIOR |
|
| 650 | 4 |
_aFÍSICA _xEDUCACIÓN SUPERIOR |
|
| 650 | 4 |
_aEDUCACIÓN SUPERIOR _zREPÚBLICA DOMINICANA |
|
| 650 | 4 |
_aFÍSICA _xMANUALES DE LABORATORIO |
|
| 710 | 2 | _4Instituto Tenológico de Santo Domingo | |
| 910 | _aValidado. Control de calidad MFF | ||
| 942 |
_2ddc _cBK |
||
| 945 | _aRemanejado para la BNPHU / 2018 BT | ||
| 956 |
_aVMATEO _b10 _c20160511 _lBPMSU _h0069 |
||
| 999 |
_c10085 _d10085 |
||